Loading...
| Social Science | 0 | 3 | 0 | 1 | 30 | 87 | 112.67 | 1 | 3 |
| Current Events | 0 | 2 | 0 | 0 | 20 | 94 | 96.00 | 0 | 2 |
| Science - Other Science | 1 | 1 | 1 | 0 | 20 | 68 | 72.50 | 0 | 2 |
| Science - Physics | 0 | 2 | 0 | 1 | 20 | 57 | 90.50 | 0 | 1 |
| History - World History | 1 | 0 | 0 | 0 | 15 | 66 | 66.00 | 1 | 1 |
| Philosophy | 0 | 2 | 1 | 1 | 15 | 79 | 99.00 | 1 | 2 |
| History - European History | 0 | 1 | 0 | 0 | 10 | 103 | 103.00 | 0 | 1 |
| Religion | 0 | 1 | 1 | 0 | 5 | 101 | 101.00 | 1 | 1 |
| Fine Arts - Other Fine Arts | 0 | 1 | 1 | 0 | 5 | 118 | 118.00 | 1 | 1 |
| History - American History | 0 | 0 | 1 | 0 | -5 | 0.00 | 0 | 0 | |
| Literature - European Literature | 0 | 0 | 1 | 0 | -5 | 0.00 | 0 | 0 |